Statistics for Guess the NBA players NBA2k17 rating!

Click here to take the quiz!

General Stats

  • This quiz has been taken 2,002 times
  • The average score is 13 of 13

Answer Stats

PlayerAnswer% Correct
Damian Lillard89
99%
Stephen Curry94
99%
Khris Middleton81
98%
Andrew Wiggins82
98%
DeAndre Jordan85
98%
Chris Bosh86
98%
Kawhi Leonard93
98%
Brandon Ingram78
97%
Bradley Beal79
97%
Tony Parker80
97%
Paul Pierce73
96%
Joe Johnson77
96%
Paul Zipser68
93%

Score Distribution

Percentile by Number Answered

Percent of People with Each Score

Your Score History

You have not taken this quiz